01770cam a2200385 i 450000100090000000300090000900500170001800800410003502000250007602000150010103500240011603500210014004000570016108200190021811101220023724503070035924600420066626400510070826400100075930000570076933600260082633700280085233800270088050400410090765000460094865000360099465000400103065000460107065500170111670000360113370000550116994200120122499900170123695201310125314984742EG-ScBUE20250618084109.0070828s2007 njua f b 100 0 eng d a9789812703798 (hbk.) a9812703799 a(OCoLC)ocn137272062 a(OCoLC)137272062 aZCUbengerdacZCUdZCUdYDXCPdBTCTAdDLCdEG-ScBUE04a539.7222bATO2 aConference on Atomic Molecular and Optical Physicsd(2005 :cIndian Association for the Cultivation of Science)9426300aCurrent topics in atomic, molecular and optical physics :binvited lectures delivered at the Conference on Atomic Molecular and Optical Physics (TC 2005), 13th-15th December, 2005, Indian Association for the Cultivation of Science, Kolkata, India /cedited by Chandana Sinha, Shibshankar Bhattacharyya.30aAtomic, molecular and optical physics 1aHackensack, N.J. : bWorld Scientific,c[2007] 4cc2007 aix, 274 pages :billustrations (some color) ;c24 cm 2rdacontentatextbtxt aunmediated2rdamediabn avolumebnc2rdacarrier aIncludes bibliographical references. 7aNuclear physicsvCongresses.2BUEsh94264 7aAtomsvCongresses.2BUEsh94265 7aMoleculesvCongresses.2BUEsh94266 7aPhysical opticsvCongresses.2BUEsh94267 vReading book1 aSinha, Chandana,eeditor.942681 aBhattacharyya, Shib Shankar,d1950-eeditor.94269 2ddccBB c11427d11427 00102ddc40708BaccahaMAINbMAINc1STd2009-04-26ePurchaseg564.00h7117l0o539.7 ATOp000015981r2025-07-15 00:00:00yBB